00436nam a2200133Ia 4500008004100000041000800041082001700049100002200066245015200088250000600240260003400246300000800280650001400288210716s2007 xx 000 0 und d aeng a658.802 ARNC aArnold, Curtis M. aTiming the market: how to profit in bull and bear markets with technical analysis.bHow to profit in bull and bear markets with technical analysis. a1 aNew DelhibVision Booksc2007 a232 aMarketing